00541nam a2200157 450000500170000001000150001702000250003203500140005703700130007108200110008410000260009524501210012126000420024227000730028430000260035720190529173729.0 aENG-125371 c9789381325070a75.00 aEN-108903 bDBAD/PUB a230.35 aTathagatananda, Swami aSome inspiring illustrations of:cby Pujyam Kameswara SarmabSri Ramakrishna holy mother and swamiji and their love/ aKolkata bSwami Sarvabhutanandac2011 aSecretary Ramakrishna Mission Institute of Culture,bKolkatae700029 a320pbill.c21cm(pbk)